000 00690nam a2200217Ia 4500
005 20230613123110.0
008 131103s9999 xx 000 0 und d
010 _a195606779
040 _aLoreto College
041 _aEnglish
082 _a809
_bENR
245 _aEnglish Critical texts
_b 16th century to 20th century
_cedited with notes and an appendix of Classical extracts by D.J.Enright and Ernst De Chickera
260 _aDelhi
_bOxford University Press
_c1975
300 _axvii,398 p.
504 _aIncludes bibliographical references
650 _aEnglish Literature
651 _aHistory and Criticism
700 _aEnright,D.J.,ed.
850 _aLCLIB
942 _cBK
999 _c12979
_d63458